000 00450nam a2200181Ia 4500
005 20250425161128.0
008 250425s9999 xx 000 0 und d
041 _aspa
082 _a986.606
100 _aLUNA TAMAYO, MILTON
245 0 _aCATALOGOS DEL ARCHIVO HISTORICO II: FONDO JIJON Y CAAMAÑO
250 _a1A ED.
260 _aEcuador
_bIMPRESORA NACIONAL
_c1983
260 _aQUITO
300 _a308
942 _c01
010 _a13312
999 _c202976
_d202976